| 000 | 00356nam a2200145Ia 4500 | ||
|---|---|---|---|
| 008 | 150201s2011 xx 000 0 und d | ||
| 082 |
_a610 _bA11D |
||
| 100 | _aOMKARNATH, G | ||
| 245 | _aA.P. POST PRADUATE MEDICAL ENTRANCE | ||
| 250 | _a18TH | ||
| 260 |
_bVIKAS BHARTI _aINDIA _c2011 |
||
| 300 | _a1-1170 | ||
| 650 | _aGENERAL MEDICINE | ||
| 942 |
_2ddc _cBK |
||
| 999 |
_c1840 _d1840 |
||